Mecánica vectorial para ingenieros: Estática

Պահպանված է:
Մատենագիտական մանրամասներ
Հիմնական հեղինակներ: Beer, Ferdinand Pierre (Հեղինակ), Johnston, E. Russell (Հեղինակ), Eisenberg, Elliot R (Հեղինակ)
Ձևաչափ: Գիրք
Լեզու:իսպաներեն
Հրապարակվել է: Ciudad de México McGraw-Hill 2007
Հրատարակություն:8a. ed
Խորագրեր:
Ցուցիչներ: Ավելացրեք ցուցիչ
Չկան պիտակներ, Եղեք առաջինը, ով նշում է այս գրառումը!

MARC

LEADER 00000nam a2200000 a 4500
001 UCG0098
003 CL-VaPUC
008 100312e20070000MX |||||||||||||||||spa|d
020 |a 9789701061039 
082 0 4 |a 620.1  |b BEE  |2 21 
100 0 |a Beer, Ferdinand Pierre  |e author  |9 547485 
700 0 |a Johnston, E. Russell  |e author  |9 547486 
700 0 |a Eisenberg, Elliot R  |e author  |9 547487 
245 1 0 |a Mecánica vectorial para ingenieros: Estática 
250 |a 8a. ed 
300 |a 621 p 
942 |c BK 
945 |d 20100312 00:00:00  |a rbrito 
260 |a Ciudad de México  |b McGraw-Hill  |c 2007 
650 0 |a Mecánica vectorial   |9 547488 
650 0 |a Estática  |9 260452 
650 0 |a Equilibrio  |9 362780 
650 0 |a Cuerpos rígidos  |9 434783 
650 0 |a Fuerza  |9 345825 
650 7 |a FRICCION  |2 CL-VaPUC  |9 346652 
583 |a last modification  |c 20120619 10:08:03  |k Rodrigo Vera 
999 |c 339849  |d 339847 
952 |0 0  |1 0  |2 ddc  |4 0  |6 620_100000000000000_BEE_2007  |7 0  |8 A  |9 434083  |a BIBING  |b BIBING  |c RES  |d 2019-11-22  |i 4641272  |l 1  |o 620.1 BEE 2007  |p 4641272  |r 2025-04-22  |s 2025-04-11  |w 2019-11-22  |y BK  |k CCI 
952 |0 0  |1 0  |2 ddc  |4 0  |6 620_100000000000000_BEE_2007  |7 0  |8 A  |9 434084  |a BIBING  |b BIBING  |c RES  |d 2019-11-22  |i 4706811  |l 4  |o 620.1 BEE 2007  |p 4706811  |r 2025-01-20  |s 2024-04-29  |w 2019-11-22  |y BK  |k ING